| 000 | 00856nam a2200313 a 4500 | ||
|---|---|---|---|
| 003 | AR-BaBNM | ||
| 005 | 20251128203723.0 | ||
| 008 | 082120s2002 ||||||||||||||000 | spa|| | ||
| 040 | _cAR-BaBNM | ||
| 100 | 1 | _aFrance, Anatole | |
| 245 | 0 | 0 |
_aVida insigne de Rabelais ; _bChuscas hazañas de Pantagruel |
| 250 | _a1ª ed. | ||
| 260 |
_aMadrid _bSociedad General Española de Librería _c1933 |
||
| 300 | _a270 p. | ||
| 490 | 0 | _aObras de Anatole France | |
| 650 | 4 | _aLITERATURA FRANCESA | |
| 650 | 4 | _aESCRITORES | |
| 650 | 4 | _aCRITICA LITERARIA | |
| 650 | 4 | _aRENACIMIENTO | |
| 650 | 4 | _aHISTORIA LITERARIA | |
| 650 | 4 | _aFILOSOFIA LITERARIA | |
| 650 | 4 | _aBIOGRAFIAS | |
| 650 | 4 | _aREFORMA RELIGIOSA | |
| 653 | _aESTUDIOS LITERARIOS | ||
| 655 | _aLITERATURA | ||
| 700 | 1 |
_aRuiz Contreras, Luis _etraductor |
|
| 942 | _cBK | ||
| 998 | _cMARTIN | ||
| 999 |
_c4632 _d4632 |
||